<A> road to market economy - Cesta k tržní ekonomice.

J.M. Keynes, jedna z najvýznamnejších postáv ekonomickej teórie 20-tych a 30-tych rokov. Prúdy neoklasické a neokonzervatívne. Monetaristické teórie. Milton Friedman a jeho ekonomická teória. ČSFR a ekonomická reforma. Podrobný rozbor diela Václava Klausa - Cesta k trhovej ekonomike.

Gespeichert in:
Bibliographische Detailangaben
Format: Buchkapitel
Sprache:Tschechisch
Schlagworte:
Tags: Tag hinzufügen
Keine Tags, Fügen Sie das erste Tag hinzu!

MARC

LEADER 00000naa a2200000 4500
001 r006002
005 20221125091439.5
041 0 |a cze 
044 |a CZ 
245 1 0 |a <A> road to market economy - Cesta k tržní ekonomice. 
520 |a J.M. Keynes, jedna z najvýznamnejších postáv ekonomickej teórie 20-tych a 30-tych rokov. Prúdy neoklasické a neokonzervatívne. Monetaristické teórie. Milton Friedman a jeho ekonomická teória. ČSFR a ekonomická reforma. Podrobný rozbor diela Václava Klausa - Cesta k trhovej ekonomike. 
610 2 0 |a Keynes, J.M. 
610 2 0 |a teórie ekonomické 
610 2 0 |a Friedman, M. 
610 2 0 |a monetarizmus 
610 2 0 |a hospodárstvo trhové 
610 2 0 |a Klaus, V. 
610 2 0 |a ČSFR 
610 2 0 |a neoklasicizmus 
610 2 0 |a neokonzervativizmus 
610 2 0 |a reformy hospodárske